[Event "CYCC U12"]
[Site "Windsor CAN"]
[Date "2016.07.05"]
[Round "1.60"]
[White "Zhao, Ian"]
[Black "Damarla, Rishi"]
[Result "0-1"]
[WhiteElo "1715"]
[BlackElo "932"]
[PlyCount "72"]
[EventDate "2016.07.05"]
[EventType "swiss"]
[EventRounds "7"]
[EventCountry "CAN"]

1. e4 e5 2. Nf3 Nc6 3. Bc4 Bc5 4. c3 Nf6 5. d3 h6 6. O-O O-O 7. h3 d6 8. Nbd2
Bd7 9. Bb3 Qe7 10. Re1 Rad8 11. Nf1 Be6 12. Bc2 Qd7 13. d4 exd4 14. cxd4 Bb6
15. d5 Ne7 16. dxe6 fxe6 17. Qd3 Nc6 18. Bd2 Kh8 19. Bc3 e5 20. Rad1 Qe7 21.
Ne3 Qe8 22. Nd5 Nd7 23. Nxb6 axb6 24. Nh4 Nc5 25. Qg3 Ne7 26. Rd2 Ne6 27. Nf5
Nxf5 28. exf5 Nf4 29. Qg4 Qf7 30. b3 Rde8 31. Qf3 Rb8 32. Bd1 Qxf5 33. Kh2 Rf6
34. Bc2 Qc8 35. Qe4 Rg6 36. f3 Rxg2+ 0-1

[Event "CYCC U12"]
[Site "Windsor CAN"]
[Date "2016.07.05"]
[Round "1.61"]
[White "Dong, Yiwei"]
[Black "Du, Daniel"]
[Result "1/2-1/2"]
[WhiteElo "923"]
[BlackElo "1656"]
[PlyCount "78"]
[EventDate "2016.07.05"]
[EventType "swiss"]
[EventRounds "7"]
[EventCountry "CAN"]

1. d4 d5 2. c4 e6 3. Nf3 Nf6 4. Bg5 Be7 5. Nc3 h6 6. Bf4 O-O 7. e3 b6 8. Bd3
Bb7 9. O-O dxc4 10. Bxc4 c5 11. Re1 Nc6 12. Qe2 cxd4 13. exd4 Nxd4 14. Nxd4
Qxd4 15. Be3 Qg4 16. f3 Bxf3 17. Qxf3 Qxc4 18. Kh1 Qg4 19. Qb7 Bd6 20. Rad1 Qh4
21. h3 Qg3 22. Bg1 Ng4 23. Ne4 Nf2+ 24. Nxf2 Bb4 25. Rf1 Qg6 26. Qe4 Qxe4 27.
Nxe4 Rad8 28. a3 Be7 29. Nc3 Bf6 30. Rf3 Rc8 31. Bd4 e5 32. Be3 Rfe8 33. Ne4
Rc6 34. Nxf6+ gxf6 35. Bxh6 f5 36. Be3 f4 37. Bf2 e4 38. Rxf4 e3 39. Bg3 e2
1/2-1/2

[Event "CYCC U12"]
[Site "Windsor CAN"]
[Date "2016.07.05"]
[Round "1.62"]
[White "Mah, Sean"]
[Black "Vadakken, Joel"]
[Result "1-0"]
[WhiteElo "1640"]
[BlackElo "914"]
[PlyCount "61"]
[EventDate "2016.07.05"]
[EventType "swiss"]
[EventRounds "7"]
[EventCountry "CAN"]

1. e4 e5 2. Nf3 Nc6 3. Bb5 d6 4. d4 Qe7 5. d5 a6 6. Bxc6+ bxc6 7. dxc6 Bg4 8.
Nc3 Bxf3 9. Qxf3 Nf6 10. Bg5 Rb8 11. Nd5 Qe6 12. Nxc7+ Ke7 13. Nxe6 fxe6 14.
Qc3 Rc8 15. O-O d5 16. exd5 exd5 17. Qxe5+ Kf7 18. Bxf6 gxf6 19. Qxd5+ Kg7 20.
Qd7+ Be7 21. Qxe7+ Kg6 22. c7 Rhe8 23. Qd7 a5 24. Rfe1 Rxe1+ 25. Rxe1 Rg8 26.
c8=Q Rg7 27. Qg4+ Kh6 28. Qf4+ Kg6 29. Qcf5+ Kf7 30. Qxf6+ Kg8 31. Qf8# 1-0

[Event "CYCC U12"]
[Site "Windsor CAN"]
[Date "2016.07.05"]
[Round "1.63"]
[White "Xing, Kun"]
[Black "Liu, Harrison"]
[Result "0-1"]
[WhiteElo "905"]
[BlackElo "1608"]
[PlyCount "99"]
[EventDate "2016.07.05"]
[EventType "swiss"]
[EventRounds "7"]
[EventCountry "CAN"]

1. e4 Nf6 2. e5 Nd5 3. d4 Nc6 4. Nf3 g6 5. g3 Bg7 6. Bg2 O-O 7. O-O d6 8. exd6
cxd6 9. Bd2 Nb6 10. Be3 Nc4 11. b3 Nxe3 12. fxe3 Bd7 13. c4 Qc8 14. Nc3 Bg4 15.
a3 Rd8 16. Qc2 Qe6 17. Qd2 Qd7 18. Rae1 e6 19. Qb2 e5 20. dxe5 Bxf3 21. Bxf3
Nxe5 22. Bg2 Nd3 23. Qc2 Nxe1 24. Rxe1 Rab8 25. a4 b6 26. Re2 Rbc8 27. Rd2 Qe8
28. Rd3 Qe5 29. Bh3 f5 30. Qd2 Re8 31. Nb5 Re7 32. Nc3 Rd8 33. b4 Rc8 34. Nd5
Ree8 35. Rc3 a6 36. b5 axb5 37. axb5 Rc5 38. Rd3 Bh6 39. Bg2 Kf8 40. Nxb6 Re7
41. Kf2 Ra7 42. Bf3 Qa1 43. Rxd6 Ra2 44. Rd8+ Kg7 45. Rd7+ Kg8 46. Rd8+ Bf8 47.
Bd5+ Rxd5 48. Rxd5 Rxd2+ 49. Rxd2 Qa5 50. Nd7 0-1

[Event "CYCC U12"]
[Site "Windsor CAN"]
[Date "2016.07.05"]
[Round "1.64"]
[White "Zhao, Jonathan"]
[Black "Wang, Terry"]
[Result "1-0"]
[WhiteElo "1585"]
[BlackElo "893"]
[PlyCount "35"]
[EventDate "2016.07.05"]
[EventType "swiss"]
[EventRounds "7"]
[EventCountry "CAN"]

1. d4 Nf6 2. Nf3 e6 3. Nbd2 Nc6 4. e4 d6 5. Bd3 Be7 6. O-O O-O 7. c3 Nb8 8. Qe2
c5 9. e5 dxe5 10. dxe5 Nd5 11. Ne4 Nf4 12. Bxf4 f6 13. exf6 Bxf6 14. Nxc5 Be7
15. Nxe6 Bxe6 16. Qxe6+ Kh8 17. Qe4 Nc6 18. Qxh7# 1-0

[Event "CYCC U12"]
[Site "Windsor CAN"]
[Date "2016.07.05"]
[Round "1.65"]
[White "Quinlan, Jamie"]
[Black "Washimkar, Arhant"]
[Result "0-1"]
[WhiteElo "877"]
[BlackElo "1569"]
[PlyCount "64"]
[EventDate "2016.07.05"]
[EventType "swiss"]
[EventRounds "7"]
[EventCountry "CAN"]

1. e4 e5 2. Nf3 Nc6 3. Nc3 Nf6 4. Bc4 Nxe4 5. Nxe4 d5 6. Bxd5 Qxd5 7. d3 Bg4 8.
Be3 O-O-O 9. h3 Bb4+ 10. c3 Bxf3 11. Qxf3 Ba5 12. O-O Qxd3 13. Ng5 Rhe8 14.
Rac1 Qg6 15. Rfd1 h6 16. Ne4 f5 17. a3 fxe4 18. Rxd8+ Rxd8 19. Qe2 Rd3 20. Rd1
Qd6 21. Rd2 Rxd2 22. Bxd2 Qd3 23. Qxd3 exd3 24. Kf1 e4 25. Ke1 Ne5 26. Kf1 Nc4
27. Bf4 Nxb2 28. Ke1 Bxc3+ 29. Bd2 Bxd2+ 30. Kxd2 Nc4+ 31. Kd1 c5 32. g3 Ne5
0-1

[Event "CYCC U12"]
[Site "Windsor CAN"]
[Date "2016.07.05"]
[Round "1.66"]
[White "Li, Jack"]
[Black "Ladhani, Kiyan"]
[Result "1-0"]
[WhiteElo "1546"]
[BlackElo "874"]
[PlyCount "53"]
[EventDate "2016.07.05"]
[EventType "swiss"]
[EventRounds "7"]
[EventCountry "CAN"]

1. e4 e5 2. Nf3 Nf6 3. Nxe5 Qe7 4. Nf3 Nxe4 5. Be2 d5 6. d3 Nf6 7. Nc3 Bg4 8.
O-O Qd6 9. h3 Bxf3 10. Bxf3 Nc6 11. Nb5 Qd7 12. Bf4 O-O-O 13. Nxc7 Bd6 14. Bxd6
Qxd6 15. Nb5 Qb4 16. a4 a6 17. Nc3 Qxb2 18. Qd2 Qb4 19. Rab1 Qh4 20. Rb2 Nd4
21. Rfb1 Nxf3+ 22. gxf3 Rd7 23. Rb6 Qxh3 24. Qf4 g5 25. Rc6+ Kd8 26. Qxf6+ Ke8
27. Rc8+ 1-0

[Event "CYCC U12"]
[Site "Windsor CAN"]
[Date "2016.07.05"]
[Round "1.67"]
[White "Renard, Christopher"]
[Black "Chen, Harry"]
[Result "0-1"]
[WhiteElo "799"]
[BlackElo "1524"]
[PlyCount "82"]
[EventDate "2016.07.05"]
[EventType "swiss"]
[EventRounds "7"]
[EventCountry "CAN"]

1. e4 e5 2. Nf3 Nc6 3. Bc4 Bc5 4. Nc3 Nf6 5. d3 h6 6. O-O d6 7. h3 O-O 8. Nd5
a6 9. Nxf6+ Qxf6 10. a3 Qg6 11. b4 Ba7 12. b5 axb5 13. Bxb5 Bxh3 14. Nh4 Qg3
15. Bxc6 bxc6 16. d4 Bg4 17. fxg3 Bxd1 18. Rxd1 Bxd4+ 19. Rxd4 exd4 20. Nf5 c5
21. Rb1 Rab8 22. Ra1 Rb7 23. a4 Rfb8 24. Ne7+ Kf8 25. Ng6+ fxg6 26. Kf2 Rb1 27.
Rxb1 Rxb1 28. Bd2 Ra1 29. a5 c4 30. c3 Ra2 31. Ke1 d3 32. a6 Rxa6 33. Kf2 Kf7
34. Ke3 Ra2 35. g4 c5 36. Be1 Re2+ 37. Kf3 Rxe1 38. g3 d2 39. g5 d1=Q+ 40. Kg2
Qe2+ 41. Kh3 Rh1# 0-1

[Event "CYCC U12"]
[Site "Windsor CAN"]
[Date "2016.07.05"]
[Round "1.68"]
[White "Richard, Leo"]
[Black "Asemota, Eghosa"]
[Result "1-0"]
[WhiteElo "1471"]
[BlackElo "782"]
[PlyCount "57"]
[EventDate "2016.07.05"]
[EventType "swiss"]
[EventRounds "7"]
[EventCountry "CAN"]

1. e4 e5 2. Nf3 Nc6 3. Bb5 d6 4. d4 a6 5. Bxc6+ bxc6 6. dxe5 dxe5 7. Qxd8+ Kxd8
8. Nxe5 Ke8 9. Nxc6 Bb7 10. Nd4 Bxe4 11. O-O Bxc2 12. Nxc2 Nf6 13. Nc3 Bc5 14.
Re1+ Kf8 15. Ne4 Nxe4 16. Rxe4 g6 17. Be3 Bxe3 18. Nxe3 Kg7 19. Rc1 f5 20. Re7+
Kf6 21. Rexc7 f4 22. Nd5+ Kg5 23. h4+ Kxh4 24. Nxf4 Kg4 25. R1c4 Kg5 26. g3 a5
27. R7c5+ Kg4 28. Kg2 g5 29. f3# 1-0

[Event "CYCC U12"]
[Site "Windsor CAN"]
[Date "2016.07.05"]
[Round "1.69"]
[White "Chakkoli, Anirud"]
[Black "Mirabelli, Aidan"]
[Result "0-1"]
[WhiteElo "747"]
[BlackElo "1457"]
[PlyCount "92"]
[EventDate "2016.07.05"]
[EventType "swiss"]
[EventRounds "7"]
[EventCountry "CAN"]

1. d4 d5 2. c4 e6 3. Nc3 Nf6 4. e3 Be7 5. Nf3 Nbd7 6. g3 O-O 7. Bg2 b6 8. O-O
Bb7 9. b3 c5 10. cxd5 exd5 11. dxc5 Nxc5 12. Bb2 Qc7 13. Re1 Rfd8 14. Qc2 Nfe4
15. Nd4 Nxc3 16. Bxc3 Ne4 17. Bxe4 dxe4 18. Nb5 Qc5 19. Nd4 Bf6 20. b4 Qc4 21.
Qb3 Rdc8 22. Qxc4 Rxc4 23. Rac1 Rac8 24. Bb2 Rxb4 25. Rxc8+ Bxc8 26. Bc3 Rc4
27. Rc1 Ba6 28. Nf5 Rxc3 29. Ne7+ Kf8 30. Rd1 Kxe7 31. h4 Rd3 32. Rc1 Rc3 33.
Rb1 Bd3 34. Rb4 Rc1+ 35. Kg2 Rb1 36. Rxb1 Bxb1 37. g4 Bxh4 38. f4 exf3+ 39.
Kxf3 Bxa2 40. e4 b5 41. Ke3 b4 42. Kd3 b3 43. Kc3 Bf6+ 44. Kb4 b2 45. Ka5 b1=Q
46. Ka6 Qb6# 0-1

[Event "CYCC U12"]
[Site "Windsor CAN"]
[Date "2016.07.05"]
[Round "1.70"]
[White "Du, Robert"]
[Black "Cyrenne, Cole"]
[Result "0-1"]
[WhiteElo "1383"]
[BlackElo "640"]
[PlyCount "82"]
[EventDate "2016.07.05"]
[EventType "swiss"]
[EventRounds "7"]
[EventCountry "CAN"]

1. e4 c5 2. Nf3 e6 3. d4 d5 4. dxc5 Bxc5 5. exd5 Qxd5 6. Qxd5 exd5 7. Bb5+ Bd7
8. Bxd7+ Nxd7 9. O-O Ngf6 10. Re1+ Ne4 11. Nbd2 Bxf2+ 12. Kf1 Bxe1 13. Nxe1
Nxd2+ 14. Bxd2 O-O 15. Nf3 h6 16. h4 Rac8 17. c3 f5 18. Kf2 Nc5 19. Kg1 Ne4 20.
Be3 f4 21. Bxa7 g5 22. hxg5 hxg5 23. Nh2 Kh7 24. a3 Kh6 25. Rd1 Rcd8 26. Bb6
Rd6 27. Ba5 Rd7 28. Bb4 Rf5 29. Rd3 Rg7 30. Rh3+ Kg6 31. Ng4 Rh7 32. Rd3 Rh4
33. Nh2 g4 34. Be7 Ng5 35. Bd8 Re5 36. Nf1 Rh8 37. Bxg5 Kxg5 38. Kf2 Rhe8 39.
Rd2 g3+ 40. Kf3 Re3+ 41. Nxe3 Rxe3# 0-1

[Event "CYCC U12"]
[Site "Windsor CAN"]
[Date "2016.07.05"]
[Round "1.73"]
[White "Wu, Tony (Dongze)"]
[Black "Makarczyk, David"]
[Result "1-0"]
[WhiteElo "1769"]
[BlackElo "1215"]
[PlyCount "103"]
[EventDate "2016.07.05"]
[EventType "swiss"]
[EventRounds "7"]
[EventCountry "CAN"]

1. d4 d5 2. Nf3 Nf6 3. g3 c5 4. Bg2 Nc6 5. O-O e6 6. c4 dxc4 7. dxc5 Qxd1 8.
Rxd1 Bxc5 9. Nbd2 O-O 10. Nxc4 b5 11. Nd6 Rd8 12. Bf4 Nd5 13. Nxb5 Nxf4 14.
gxf4 Bb7 15. Rdc1 Bb6 16. Ne5 Nxe5 17. Bxb7 Rab8 18. fxe5 Rxb7 19. Nd6 Rbd7 20.
e3 h6 21. Rc6 Kf8 22. Rac1 f6 23. Nc4 Rd1+ 24. Rxd1 Rxd1+ 25. Kg2 Rc1 26. Rc8+
Ke7 27. Nxb6 Rxc8 28. Nxc8+ Kd7 29. exf6 gxf6 30. Nxa7 Kc7 31. Nb5+ Kc6 32.
Nd4+ Kd5 33. a4 e5 34. Nc2 Kc4 35. a5 Kb5 36. b4 Ka6 37. Na3 Ka7 38. b5 Kb7 39.
a6+ Kb6 40. Nc4+ Ka7 41. e4 h5 42. h4 Kb8 43. b6 Ka8 44. b7+ Kb8 45. Na5 Ka7
46. Nc6+ Kxa6 47. b8=Q f5 48. Nxe5 f4 49. Nd7 f3+ 50. Kxf3 Ka5 51. Qb3 Ka6 52.
Qb6# 1-0

[Event "CYCC U12"]
[Site "Windsor CAN"]
[Date "2016.07.06"]
[Round "2.51"]
[White "Washimkar, Arhant"]
[Black "Huang, Qiuyu"]
[Result "0-1"]
[WhiteElo "1569"]
[BlackElo "2095"]
[PlyCount "54"]
[EventDate "2016.07.05"]
[EventType "swiss"]
[EventRounds "7"]
[EventCountry "CAN"]

1. e4 c5 2. Nf3 Nc6 3. d4 cxd4 4. Nxd4 g6 5. Nc3 Bg7 6. Be3 Nf6 7. f3 O-O 8.
Bc4 Qb6 9. Bb3 Nxe4 10. Nxe4 Nxd4 11. Qd3 d5 12. Ng3 Qa5+ 13. Bd2 Qc5 14. Be3
Qa5+ 15. Bd2 Qd8 16. Bc3 Nxb3 17. axb3 e5 18. O-O Be6 19. Rae1 Qc7 20. f4 Qb6+
21. Kh1 e4 22. Qe2 d4 23. Bd2 e3 24. Bc1 f5 25. c3 Qxb3 26. Qf3 Bd5 27. Qd1
Rfe8 0-1

[Event "CYCC U12"]
[Site "Windsor CAN"]
[Date "2016.07.06"]
[Round "2.52"]
[White "Huang, Patrick"]
[Black "Li, Jack"]
[Result "1-0"]
[WhiteElo "1942"]
[BlackElo "1546"]
[PlyCount "45"]
[EventDate "2016.07.05"]
[EventType "swiss"]
[EventRounds "7"]
[EventCountry "CAN"]

1. e4 c5 2. Nf3 Nc6 3. Nc3 e6 4. d4 cxd4 5. Nxd4 Qb6 6. Nb3 Nf6 7. Be3 Qc7 8.
Be2 Bb4 9. f3 d5 10. O-O Bxc3 11. bxc3 dxe4 12. fxe4 Nxe4 13. Qd3 Nf6 14. Bg5
Nd5 15. Bf3 Ne5 16. Qd4 f6 17. Bxd5 fxg5 18. Rae1 Nc6 19. Bxc6+ bxc6 20. Nc5
Qe7 21. Ne4 h6 22. Nd6+ Kd8 23. Rf7 1-0

[Event "CYCC U12"]
[Site "Windsor CAN"]
[Date "2016.07.06"]
[Round "2.53"]
[White "Chen, Harry"]
[Black "England, Max"]
[Result "0-1"]
[WhiteElo "1524"]
[BlackElo "1922"]
[PlyCount "106"]
[EventDate "2016.07.05"]
[EventType "swiss"]
[EventRounds "7"]
[EventCountry "CAN"]

1. e4 e5 2. Nf3 Nc6 3. Bb5 a6 4. Ba4 Nf6 5. O-O b5 6. Bb3 Be7 7. Re1 d6 8. h3
O-O 9. c3 Na5 10. Bc2 c5 11. d4 Qc7 12. Nbd2 Re8 13. b4 cxb4 14. cxb4 Nc6 15.
dxe5 dxe5 16. a3 Rd8 17. Bb2 h6 18. Bb3 Nd4 19. Nxd4 exd4 20. e5 Nh7 21. Qf3
Be6 22. Rac1 Qd7 23. Bc2 Ng5 24. Qg3 d3 25. Bb1 a5 26. bxa5 Rxa5 27. Re3 Bf5
28. h4 Ne6 29. Nb3 Ra4 30. Rd1 Nf4 31. e6 Nxe6 32. Rxe6 Rg4 33. Rxe7 Qxe7 34.
Qf3 Qe6 35. Nc5 Qc8 36. Nxd3 Be4 37. Qe3 Rxg2+ 38. Kf1 Qg4 39. f3 Qh3 40. Nf2
Rxd1+ 41. Ke2 Bxf3+ 42. Qxf3 Re1+ 43. Kxe1 Qxf3 44. Bd4 Rg1+ 45. Kd2 Rxb1 46.
Be3 Rb2+ 47. Kc1 Rxf2 48. Bxf2 Qxf2 49. h5 Qe2 50. a4 b4 51. a5 b3 52. Kb1 Qa2+
53. Kc1 Qc2# 0-1

[Event "CYCC U12"]
[Site "Windsor CAN"]
[Date "2016.07.06"]
[Round "2.54"]
[White "Lin, Benjamin"]
[Black "Richard, Leo"]
[Result "1-0"]
[WhiteElo "1904"]
[BlackElo "1471"]
[PlyCount "95"]
[EventDate "2016.07.05"]
[EventType "swiss"]
[EventRounds "7"]
[EventCountry "CAN"]

1. c4 Nf6 2. Nf3 e6 3. g3 d5 4. cxd5 exd5 5. d4 c6 6. Bg2 Bf5 7. O-O Nbd7 8.
Nc3 Bd6 9. Re1 O-O 10. Nh4 Bg6 11. Nxg6 hxg6 12. Bg5 Qa5 13. a3 Nh7 14. Be3 Nb6
15. b4 Qa6 16. Bd2 Nc4 17. e4 Nxd2 18. Qxd2 dxe4 19. Nxe4 Rad8 20. Bf1 Qb6 21.
Rad1 Be5 22. dxe5 Rxd2 23. Rxd2 Rd8 24. Nd6 Ng5 25. Kg2 c5 26. b5 Ne6 27. Bc4
Qa5 28. Red1 Qc3 29. Bxe6 Qxe5 30. Bxf7+ Kh7 31. Rd3 c4 32. Bxc4 Rxd6 33. Rxd6
Qe4+ 34. Kg1 Qxc4 35. b6 axb6 36. Rxb6 Qa4 37. Rdb1 Qxa3 38. Rxb7 Qd3 39. R7b3
Qd5 40. Re3 Qf5 41. Rbe1 Qa5 42. Re8 g5 43. R8e5 Qb4 44. R5e4 Qa5 45. h4 Qf5
46. Re5 Qd7 47. Rxg5 Qc6 48. Re7 1-0

[Event "CYCC U12"]
[Site "Windsor CAN"]
[Date "2016.07.06"]
[Round "2.55"]
[White "Mirabelli, Aidan"]
[Black "Hemstapat, Andrew"]
[Result "0-1"]
[WhiteElo "1457"]
[BlackElo "1569"]
[PlyCount "111"]
[EventDate "2016.07.05"]
[EventType "swiss"]
[EventRounds "7"]
[EventCountry "CAN"]

1. e4 e6 2. d4 d5 3. Nd2 c5 4. exd5 Qxd5 5. dxc5 Qxc5 6. Ngf3 Nf6 7. Bd3 Bd6 8.
Nb3 Qc7 9. Bg5 Nbd7 10. Qd2 h6 11. Bh4 O-O 12. Bg3 e5 13. O-O-O Nc5 14. Bh7+
Kxh7 15. Qxd6 Qxd6 16. Rxd6 Nce4 17. Rdd1 Nxg3 18. hxg3 Ne4 19. Rhf1 f6 20.
Nfd2 Nd6 21. Rfe1 Bf5 22. Nc5 Rfd8 23. Nde4 Nxe4 24. Rxd8 Rxd8 25. Nxe4 Rd4 26.
f3 Bxe4 27. Rxe4 Rxe4 28. fxe4 Kg6 29. Kd2 Kf7 30. g4 Ke6 31. Kd3 g6 32. g3 f5
33. exf5+ gxf5 34. gxf5+ Kxf5 35. Ke3 Kg4 36. Kf2 e4 37. c4 a5 38. a3 a4 39. c5
h5 40. Ke3 Kxg3 41. Kxe4 h4 42. Kd5 h3 43. c6 bxc6+ 44. Kxc6 h2 45. Kb5 h1=Q
46. Kxa4 Qb7 47. b4 Kf4 48. Ka5 Qa8+ 49. Kb6 Qxa3 50. b5 Qd6+ 51. Ka7 Qc7+ 52.
Ka6 Ke5 53. b6 Qb8 54. b7 Kd6 55. Kb6 Kd5 56. Ka6 0-1

[Event "CYCC U12"]
[Site "Windsor CAN"]
[Date "2016.07.06"]
[Round "2.56"]
[White "Doknjas, Neil"]
[Black "Shi, David"]
[Result "1-0"]
[WhiteElo "1879"]
[BlackElo "1302"]
[PlyCount "125"]
[EventDate "2016.07.05"]
[EventType "swiss"]
[EventRounds "7"]
[EventCountry "CAN"]

1. e4 c5 2. Nf3 d6 3. d4 cxd4 4. Nxd4 Nf6 5. Nc3 e6 6. Be3 a6 7. f3 Be7 8. Qd2
O-O 9. g4 Nc6 10. O-O-O Nxd4 11. Bxd4 b5 12. Bxf6 Bxf6 13. Qxd6 Qa5 14. e5 Rd8
15. Qc6 Bg5+ 16. Kb1 Rxd1+ 17. Nxd1 Bb7 18. Qxb7 Rd8 19. Bd3 Qd2 20. Nc3 Bf4
21. Rd1 Qe3 22. Qe4 Qxe4 23. Bxe4 Rxd1+ 24. Nxd1 Bxe5 25. Bb7 a5 26. Bc6 b4 27.
h4 Kf8 28. c4 Ke7 29. b3 Kd6 30. Bb5 Bd4 31. Nb2 h6 32. Nd3 g5 33. hxg5 hxg5
34. c5+ Bxc5 35. Nxc5 Kxc5 36. Be8 f5 37. gxf5 exf5 38. Bd7 f4 39. Kb2 Kd4 40.
Kc2 Ke3 41. Bg4 Ke2 42. Bh5 Ke3 43. Kd1 Kd3 44. Ke1 Kc2 45. Kf2 Kb2 46. Kg2
Kxa2 47. Bf7 Kb2 48. Kh3 Kc3 49. Kg4 Kd3 50. Kxg5 Ke3 51. Kg4 Kd4 52. Kxf4 Kc5
53. Ke5 Kb5 54. f4 a4 55. Be8+ Ka5 56. Bxa4 Kb6 57. Kd6 Kb7 58. f5 Kb6 59. f6
Kb7 60. f7 Kb6 61. f8=Q Ka7 62. Kc6 Ka6 63. Qa8# 1-0

[Event "CYCC U12"]
[Site "Windsor CAN"]
[Date "2016.07.06"]
[Round "2.57"]
[White "Tanaka, Tyler"]
[Black "Chen, Hao"]
[Result "1/2-1/2"]
[WhiteElo "1824"]
[BlackElo "1296"]
[PlyCount "99"]
[EventDate "2016.07.05"]
[EventType "swiss"]
[EventRounds "7"]
[EventCountry "CAN"]

1. e4 e5 2. Nf3 Nc6 3. Bb5 a6 4. Ba4 Bc5 5. O-O d6 6. h3 Nf6 7. Re1 O-O 8. c3
Bd7 9. d4 Bb6 10. Bg5 h6 11. Bh4 Re8 12. Bc2 Rb8 13. Qd3 Qe7 14. Nbd2 Na7 15.
Bxf6 Qxf6 16. dxe5 Qg6 17. exd6 cxd6 18. Nd4 Re5 19. N2f3 Rh5 20. e5 Qxd3 21.
Bxd3 Bxd4 22. cxd4 d5 23. Rac1 Nc6 24. a3 Rd8 25. b4 b5 26. Rc5 Ne7 27. Rc7 Kf8
28. Rec1 Ke8 29. Ra7 Bc8 30. Rcc7 Rd7 31. g4 Rxc7 32. Rxc7 Rxh3 33. Rxc8+ Nxc8
34. Kg2 Rxf3 35. Kxf3 Nb6 36. Bc2 Ke7 37. Ke2 g6 38. f4 Kd7 39. f5 g5 40. Bb3
Ke7 41. Bc2 Kd7 42. f6 Kd8 43. Bh7 Nc4 44. Bg8 Ke8 45. e6 fxe6 46. Bxe6 Nb6 47.
Kd2 Kf8 48. Kc3 Ke8 49. Bg8 Kf8 50. Be6 1/2-1/2

[Event "CYCC U12"]
[Site "Windsor CAN"]
[Date "2016.07.06"]
[Round "2.58"]
[White "Shi, William"]
[Black "Wu, Tony (Dongze)"]
[Result "1/2-1/2"]
[WhiteElo "1723"]
[BlackElo "1769"]
[PlyCount "62"]
[EventDate "2016.07.05"]
[EventType "swiss"]
[EventRounds "7"]
[EventCountry "CAN"]

1. e4 c5 2. Nf3 d6 3. d4 cxd4 4. Nxd4 Nf6 5. Nc3 g6 6. Be3 Bg7 7. f3 O-O 8. Qd2
Nc6 9. O-O-O d5 10. Kb1 Nxd4 11. Bxd4 dxe4 12. fxe4 Be6 13. Qe1 Qc7 14. h4 h5
15. Be2 a6 16. Bf3 Rac8 17. Rd2 b5 18. Qg1 Qc4 19. e5 Nd7 20. Bb7 b4 21. b3 Qc7
22. Bxc8 bxc3 23. Bxd7 cxd2 24. Bxe6 fxe6 25. Qe3 Qa5 26. Rd1 Rf5 27. Rxd2 Bxe5
28. Qh6 Qa3 29. Qxg6+ Kf8 30. Qh6+ Kf7 31. Qh7+ Kf8 1/2-1/2

[Event "CYCC U12"]
[Site "Windsor CAN"]
[Date "2016.07.06"]
[Round "2.59"]
[White "Damarla, Rishi"]
[Black "Mah, Sean"]
[Result "0-1"]
[WhiteElo "932"]
[BlackElo "1640"]
[PlyCount "60"]
[EventDate "2016.07.05"]
[EventType "swiss"]
[EventRounds "7"]
[EventCountry "CAN"]

1. e4 c6 2. d4 d5 3. exd5 cxd5 4. Nf3 Nc6 5. Bd3 Bg4 6. Be3 e6 7. O-O Bd6 8.
Nc3 Bxf3 9. Qxf3 Qh4 10. Qh3 Qxh3 11. gxh3 Nge7 12. Kh1 a6 13. Rg1 Ng6 14. Ne2
Nb4 15. Bxg6 hxg6 16. c3 Nc2 17. Rac1 Nxe3 18. fxe3 Rxh3 19. Ng3 Ke7 20. Rc2
Rah8 21. Nf1 e5 22. Re2 e4 23. Rf2 R8h6 24. Re2 f5 25. Rf2 Kf6 26. Rgg2 g5 27.
Rg1 f4 28. exf4 gxf4 29. Rgg2 f3 30. Rg1 e3 0-1

[Event "CYCC U12"]
[Site "Windsor CAN"]
[Date "2016.07.06"]
[Round "2.60"]
[White "Cyrenne, Cole"]
[Black "Dong, Yiwei"]
[Result "1-0"]
[WhiteElo "640"]
[BlackElo "926"]
[PlyCount "73"]
[EventDate "2016.07.05"]
[EventType "swiss"]
[EventRounds "7"]
[EventCountry "CAN"]

1. d4 Nf6 2. c4 c5 3. e3 d6 4. Nc3 Nc6 5. Nf3 g6 6. Be2 Bg7 7. O-O Bf5 8. Nd5
cxd4 9. exd4 Nxd5 10. cxd5 Nb4 11. Qa4+ Qd7 12. Bb5 Nc6 13. dxc6 Qc7 14. cxb7+
Bd7 15. Bxd7+ Qxd7 16. Qxd7+ Kxd7 17. bxa8=Q Rxa8 18. Re1 Re8 19. h4 h5 20. Bg5
e5 21. Rad1 e4 22. Nh2 d5 23. f3 f6 24. Bf4 f5 25. b4 Kc6 26. a4 Rb8 27. Bxb8
a6 28. Rc1+ Kb6 29. Be5 Bf8 30. Rb1 Be7 31. g3 Bf8 32. Rec1 Be7 33. b5 Bd8 34.
bxa6+ Kxa6 35. Rc6+ Ka7 36. Bb8+ Ka8 37. Ra6# 1-0

[Event "CYCC U12"]
[Site "Windsor CAN"]
[Date "2016.07.06"]
[Round "2.61"]
[White "Du, Daniel"]
[Black "Zhao, Ian"]
[Result "0-1"]
[WhiteElo "1656"]
[BlackElo "1715"]
[PlyCount "102"]
[EventDate "2016.07.05"]
[EventType "swiss"]
[EventRounds "7"]
[EventCountry "CAN"]

1. e4 e5 2. Nf3 Nc6 3. Bc4 Nf6 4. d3 Bc5 5. Nc3 d6 6. h3 h6 7. Qe2 Na5 8. Bb3
Nxb3 9. axb3 a6 10. Be3 Bb4 11. O-O Bd7 12. Rfd1 O-O 13. Qf1 Bxc3 14. bxc3 Qe7
15. Qe2 Nh5 16. Qd2 Qf6 17. Qe2 Rfe8 18. d4 Bc6 19. dxe5 dxe5 20. Nd2 Nf4 21.
Bxf4 exf4 22. Qf3 Rad8 23. Rac1 Qe5 24. Qe2 Qxc3 25. f3 b5 26. Nf1 Rxd1 27.
Rxd1 Qc5+ 28. Kh1 Qe5 29. Qd2 Ra8 30. b4 Kf8 31. Nh2 h5 32. c3 Ke8 33. Qc2 a5
34. bxa5 Rxa5 35. Qd2 Ra8 36. Qd3 Qe7 37. Qe2 Qc5 38. Qd2 g5 39. Qd4 Qxd4 40.
cxd4 b4 41. Rb1 Bb5 42. Kg1 Ra4 43. Nf1 Bd3 44. Rd1 Bc2 45. Rc1 b3 46. Nd2 Rxd4
47. Nxb3 Bxb3 48. Rxc7 Rc4 49. Rb7 Rc1+ 50. Kf2 Bc4 51. Rc7 Rf1# 0-1

[Event "CYCC U12"]
[Site "Windsor CAN"]
[Date "2016.07.06"]
[Round "2.63"]
[White "Makarczyk, David"]
[Black "Rawal, Aahaan"]
[Result "1-0"]
[WhiteElo "1215"]
[BlackElo "963"]
[PlyCount "97"]
[EventDate "2016.07.05"]
[EventType "swiss"]
[EventRounds "7"]
[EventCountry "CAN"]

1. e4 c5 2. c3 d6 3. d4 cxd4 4. cxd4 Nf6 5. Nc3 a6 6. Nf3 Bg4 7. Be2 e6 8. O-O
Be7 9. e5 dxe5 10. dxe5 Qxd1 11. Rxd1 Nfd7 12. Bf4 O-O 13. h3 Bh5 14. Rd2 Bb4
15. Rc1 Rd8 16. a3 Ba5 17. b4 Bb6 18. Rcd1 a5 19. Na4 Ra6 20. b5 Ra7 21. Nxb6
h6 22. Nxd7 Nxd7 23. Rxd7 Rc8 24. Rd8+ Rxd8 25. Rxd8+ Kh7 26. Bd3+ g6 27. g4
Bxg4 28. hxg4 b6 29. Be3 Rc7 30. Bxb6 Rc3 31. Bxa5 Rxa3 32. Bb6 Ra1+ 33. Kg2
Kg7 34. Be3 h5 35. gxh5 gxh5 36. b6 Ra3 37. b7 Rb3 38. b8=Q Rxb8 39. Rxb8 f6
40. Rb7+ Kf8 41. Bh6+ Ke8 42. Bg6+ Kd8 43. exf6 Kc8 44. Re7 Kd8 45. Bf4 Kc8 46.
Be4 Kd8 47. Bb7 e5 48. Nxe5 h4 49. Nf7# 1-0

[Event "CYCC U12"]
[Site "Windsor CAN"]
[Date "2016.07.06"]
[Round "2.64"]
[White "Cloutier, Simon"]
[Black "Xing, Kun"]
[Result "0-1"]
[WhiteElo "1165"]
[BlackElo "905"]
[PlyCount "62"]
[EventDate "2016.07.05"]
[EventType "swiss"]
[EventRounds "7"]
[EventCountry "CAN"]

1. e4 e5 2. Nf3 Nc6 3. Bb5 a6 4. Ba4 Nf6 5. Nc3 Bc5 6. O-O d6 7. h3 Bd7 8. d3
O-O 9. Bg5 h6 10. Bh4 b5 11. Bb3 Nd4 12. Nd5 c6 13. Nxf6+ gxf6 14. Nxd4 Bxd4
15. c3 Bb6 16. d4 exd4 17. cxd4 Qe7 18. Re1 Bc7 19. d5 c5 20. Bc2 Kg7 21. Re3
Rh8 22. Qf3 Rag8 23. Qf4 Bd8 24. a4 b4 25. b3 a5 26. Rae1 Bc8 27. e5 dxe5 28.
Rxe5 Qd6 29. Rg5+ hxg5 30. Qxd6 gxh4 31. Qb6 Bxb6 0-1